00498nam a2200157Ia 4500020001800000082002400018245006400042260002700106300000800133500005900141504001900200650003500219650002700254650003500281700002400316 a81-86225-08-0 aRR 327.5496054 NEP- 0aNepal's relations with India and China: documents 1947-1992 aDelhibSiba Eximc1994 a2v. aContents: Vol.1.(lxxxix, 730p.).-v.2.(lvi, 733-1428p.) aIncludes index aIndiavPolitics and government aNepalvCommercevChina aNepalvPolitics and government aBhasin, Avtar Singh